| 000 | 00810nas a2200253 4500 | ||
|---|---|---|---|
| 001 | BR7900348 | ||
| 003 | BR-BrBNA | ||
| 005 | 20231205083613.0 | ||
| 007 | ta | ||
| 008 | 230509b bl.|||p| |||| 00| 00por d | ||
| 040 |
_aBR-BrBNA _bpor _cBiblioteca Nacional de Agricultura |
||
| 041 | _a(Pt) | ||
| 072 | _aF60; F00 | ||
| 100 | 1 | _aGodoy, R. (Centro Nacional de Recursos Geneticos, Brasilia, DF (Brazil)) Godoy, O.P. | |
| 100 | 1 | _aMarcos Filho, J. | |
| 245 | 1 | _aMaturacao de sementes de amendoim [Arachis hipogaea] | |
| 650 | _aFISIOLOGIA VEGETAL | ||
| 650 | _aPRODUCAO VEGETAL | ||
| 650 | _aAMENDOIM | ||
| 650 | _aMATURACAO | ||
| 773 | 0 |
_tRevista de Agricultura (Brazil) _xISSN 0034-7655 _g(Oct 1978), v. 53(3) p. 121-130 _wBR7900348 |
|
| 909 |
_a202311 _bLúcia _c55 _dLúcia Elande |
||
| 942 |
_2AGRIS _n0 _cANA |
||
| 999 |
_c99992 _d99992 |
||